Score 0/51 Timer 03:00
1 Play Today
State Obama (O) or Romney (R) % Correct
California???
97%
District of Columbia???
96.5%
Delaware???
95.4%
Connecticut???
94.8%
Massachusetts???
93.8%
New York???
93.7%
New Jersey???
93.6%
Alabama???
92.8%
Maryland???
92.5%
Rhode Island???
92%
Hawaii???
91.8%
Pennsylvania???
90.8%
Maine???
90.5%
Colorado???
90.4%
New Hampshire???
90.4%
Illinois???
89.5%
Arkansas???
89.4%
Michigan???
89.3%
Vermont???
89.1%
Kentucky???
88.8%
Texas???
88.1%
Mississippi???
87.5%
Georgia???
87.4%
Washington???
87.3%
Louisiana???
87%
Ohio???
86.7%
State Obama (O) or Romney (R) % Correct
Tennessee???
86.5%
Nebraska???
86.1%
Oklahoma???
86%
Kansas???
85.9%
Florida???
85.9%
South Carolina???
84.8%
South Dakota???
84.2%
Alaska???
84.1%
Oregon???
83.6%
Montana???
82.2%
Idaho???
81.5%
Utah???
80.8%
Minnesota???
80.6%
North Dakota???
80.4%
Missouri???
80.3%
Wyoming???
78.8%
Arizona???
78.2%
Wisconsin???
77.4%
West Virginia???
73.6%
Virginia???
73.3%
Nevada???
68.2%
North Carolina???
68%
Indiana???
67.3%
New Mexico???
64.1%
Iowa???
61.4%
Remove Ads.
Support Sporcle.
Get the best of Sporcle when you Go Orange. This ad-free experience offers more features, more stats, and more fun while also helping to support Sporcle. Thank you for becoming a member.

You're not logged in!

Compare scores with friends on all Sporcle quizzes.
OR
Log In

Show Comments

Extras

Top Quizzes Today


Score Distribution

Your Account Isn't Verified!

In order to create a playlist on Sporcle, you need to verify the email address you used during registration. Go to your Sporcle Settings to finish the process.

Report this User

Report this user for behavior that violates our Community Guidelines.

Details: